00175nam a2200061Ia 4500008004100000100002100041245005100062120527s9999 xx 000 0 und d aSantrock, W.John aPsychology: the science of mind and behaviour